| 000 | 00490 a2200157 4500 | ||
|---|---|---|---|
| 005 | 20250603074158.0 | ||
| 020 | _a0-471-14063-5 | ||
| 082 | _aLECT 657.45 O'RE | ||
| 100 | _aO'REILLY, V. M. | ||
| 245 | _aMontgomery's Auditing | ||
| 250 | _a12th Ed. | ||
| 260 |
_aCanada, _bJohn Wiley & Sons, Inc., _c1998. |
||
| 300 |
_axlii, 1265p.: ill.; figure, table. _bIndex, _c26cm. |
||
| 700 | _aMcDONNELL, P. J. & WINOGRAD, B. N. & GERSON, J. S. & JAENICKE, H. R. | ||
| 942 |
_2ddc _cBKS |
||
| 999 |
_c3070 _d3070 |
||